Music Quiz

Random Music or French Quiz
Score 0/170 Timer 12:00
0 Plays Today
Answer % Correct
Je
100%
t'
100%
je
100%
t'
100%
je
100%
je
100%
je
100%
je
100%
je
100%
t'
100%
je
100%
t'
100%
je
100%
t'
100%
je
100%
je
100%
t'
100%
je
100%
t'
100%
je
100%
je
100%
je
100%
je
100%
je
100%
je
100%
t'
100%
je
100%
t'
100%
je
100%
t'
100%
je
100%
je
100%
je
100%
je
100%
je
100%
aime
99.2%
aime!
99.2%
aime
99.2%
aime
99.2%
aime
99.2%
aime
99.2%
aime
99.2%
aime
99.2%
aime
99.2%
aime!
99.2%
non
94.6%
plus!
94.6%
non
94.6%
plus
94.6%
non
94.6%
plus
94.6%
non
94.6%
plus
94.6%
non!
94.6%
moi
93.8%
moi
93.8%
moi
93.8%
Answer % Correct
moi
93.8%
moi
93.8%
et
87.6%
et
87.6%
et
87.6%
et
87.6%
et
87.6%
et
87.6%
et
87.6%
et
87.6%
et
87.6%
et
87.6%
et
87.6%
et
87.6%
et
87.6%
oui
83.7%
oui
83.7%
oui
83.7%
tu
81.4%
tu
81.4%
tu
81.4%
tu
81.4%
tu
81.4%
tu
81.4%
tu
81.4%
tu
81.4%
tu
81.4%
oh
79.8%
oh
79.8%
oh
79.8%
oh
79.8%
oh
79.8%
oh
79.8%
oh
79.8%
amour...
76.7%
vais
76.7%
vais
76.7%
amour...
76.7%
amour
76.7%
vais
76.7%
vais
76.7%
amour
76.7%
amour
76.7%
vais
76.7%
vais
76.7%
te
76%
te
76%
viens
75.2%
me
75.2%
viens
75.2%
viens
75.2%
viens
75.2%
me
75.2%
viens
75.2%
viens
75.2%
viens
75.2%
viens
75.2%
Answer % Correct
me
75.2%
viens!
75.2%
entre
74.4%
tes
74.4%
reins
74.4%
entre
74.4%
reins
74.4%
entre
74.4%
reins
74.4%
entre
74.4%
tes
74.4%
reins
74.4%
entre
74.4%
reins
74.4%
entre
74.4%
reins
74.4%
entre
74.4%
tes
74.4%
reins
74.4%
mon
72.9%
mon
72.9%
mon
72.9%
mon
72.9%
l'
70.5%
l'
70.5%
retiens
68.2%
vas
68.2%
mes
68.2%
vas
68.2%
mes
68.2%
retiens
68.2%
vas
68.2%
mes
68.2%
vas
68.2%
mes
68.2%
retiens
68.2%
la
65.1%
la
65.1%
la
65.1%
es
62%
vague
46.5%
vague
46.5%
vague
46.5%
rejoins
45%
rejoins
45%
comme
44.2%
comme
44.2%
maintenant
44.2%
est
43.4%
sans
39.5%
irrésolu
38%
irrésolu
38%
physique
36.4%
issue
35.7%
nue
31.8%
île
28.7%
Remove Ads.
Support Sporcle.
Get the best of Sporcle when you Go Orange. This ad-free experience offers more features, more stats, and more fun while also helping to support Sporcle. Thank you for becoming a member.

You're not logged in!

Compare scores with friends on all Sporcle quizzes.
OR
Log In

Show Comments

Extras

Top Quizzes Today


Score Distribution

Your Account Isn't Verified!

In order to create a playlist on Sporcle, you need to verify the email address you used during registration. Go to your Sporcle Settings to finish the process.

Report this User

Report this user for behavior that violates our Community Guidelines.

Details: